Conceptos fundamentales de pedagogía

Đã lưu trong:
Chi tiết về thư mục
Những tác giả chính: Speck, Josef (Tác giả), Wehle, Gerhard (Tác giả)
Định dạng: Sách
Ngôn ngữ:Tiếng Tây Ban Nha
Được phát hành: Barcelona Herder 1981
Những chủ đề:
Các nhãn: Thêm thẻ
Không có thẻ, Là người đầu tiên thẻ bản ghi này!

MARC

LEADER 00000nam a2200000 a 4500
001 UCY8173
003 CL-VaPUC
008 950623e19810000SP |||||||||||||||||spa|d
082 0 4 |a 371.1  |b SPE  |2 21 
100 0 |a Speck, Josef  |e author  |9 339384 
700 0 |a Wehle, Gerhard  |e author  |9 339385 
245 1 0 |a Conceptos fundamentales de pedagogía 
300 |a 813 p 
942 |c BK 
945 |d 19950623 00:00:00  |a lriquelm 
260 |a Barcelona  |b Herder  |c 1981 
650 0 |a Filosofía de la educación   |9 258384 
650 0 |a Historia de la educación   |9 257642 
650 0 |a Psicología del desarrollo  |9 307541 
583 |a last modification  |c 20170925 04:20:45  |k Rodrigo Vera 
999 |c 235451  |d 235449 
952 |0 0  |1 0  |4 0  |6 371_100000000000000_SPE_1981  |7 0  |8 P  |9 242884  |a BIBEDU  |b BIBEDU  |c BIBEDU_PB  |d 2019-11-18  |i 1518771  |o 371.1 SPE 1981  |p 1518771  |r 2024-01-25  |w 2019-11-18  |y BK  |k EDU